[Event "17th International Chess Festival"]
[Site "Rochefort"]
[Date "2018.02.17"]
[Round "6.4"]
[White "Maiorov, Nikita"]
[Black "Gascon Del Nogal, Jose Rafael"]
[Result "0-1"]
[BlackElo "2477"]
[WhiteElo "2547"]
[LiveChessVersion "1.4.8"]

1. d4 {[%clk 1:27:33]} Nf6 {[%clk 1:27:29]} 2. c4 {[%clk 1:28:02]} e6
{[%clk 1:26:43]} 3. Nc3 {[%clk 1:28:28]} Bb4 {[%clk 1:27:04]} 4. Qc2
{[%clk 1:28:55]} O-O {[%clk 1:27:24]} 5. a3 {[%clk 1:29:23]} Bxc3+
{[%clk 1:27:46]} 6. Qxc3 {[%clk 1:29:50]} d5 {[%clk 1:28:00]} 7. e3
{[%clk 1:29:50]} b6 {[%clk 1:28:17]} 8. Nf3 {[%clk 1:29:05]} Bb7 {[%clk 1:28:36]}
9. b3 {[%clk 1:29:31]} Nbd7 {[%clk 1:28:56]} 10. Be2 {[%clk 1:29:57]} c5
{[%clk 1:29:14]} 11. O-O {[%clk 1:30:23]} Rc8 {[%clk 1:29:19]} 12. Bb2
{[%clk 1:29:44]} dxc4 {[%clk 1:25:45]} 13. bxc4 {[%clk 1:30:08]} cxd4
{[%clk 1:12:19]} 14. exd4 {[%clk 1:30:23]} b5 {[%clk 1:12:31]} 15. c5
{[%clk 1:30:34]} Nd5 {[%clk 1:12:50]} 16. Qd2 {[%clk 1:21:32]} Bc6
{[%clk 1:13:14]} 17. Rfd1 {[%clk 1:15:18]} h6 {[%clk 1:11:00]} 18. Bf1
{[%clk 1:10:28]} Rc7 {[%clk 1:01:53]} 19. Ne1 {[%clk 1:05:07]} Qg5
{[%clk 0:50:35]} 20. Qxg5 {[%clk 1:01:27]} hxg5 {[%clk 0:50:57]} 21. Bc1
{[%clk 1:01:53]} f6 {[%clk 0:51:18]} 22. Bd2 {[%clk 1:02:18]} Ra8
{[%clk 0:48:27]} 23. Ba5 {[%clk 0:58:58]} Rb7 {[%clk 0:48:44]} 24. Nd3
{[%clk 0:57:45]} Nf8 {[%clk 0:48:06]} 25. g3 {[%clk 0:51:23]} Ng6
{[%clk 0:47:56]} 26. Bh3 {[%clk 0:48:37]} Kf7 {[%clk 0:47:31]} 27. Re1
{[%clk 0:49:01]} Re8 {[%clk 0:46:20]} 28. Ra2 {[%clk 0:49:04]} Rd7
{[%clk 0:34:35]} 29. Rae2 {[%clk 0:45:23]} Nf8 {[%clk 0:34:36]} 30. Bg4
{[%clk 0:41:50]} Ne7 {[%clk 0:19:15]} 31. Bxe6+ {[%clk 0:35:40]} Nxe6
{[%clk 0:19:37]} 32. Rxe6 {[%clk 0:36:02]} Rxd4 {[%clk 0:20:03]} 33. Nb4
{[%clk 0:36:13]} Bd7 {[%clk 0:20:16]} 34. R6e2 {[%clk 0:22:26]} Rc4
{[%clk 0:18:50]} 35. Bc7 {[%clk 0:19:22]} Nf5 {[%clk 0:15:48]} 36. Rxe8
{[%clk 0:18:48]} Bxe8 {[%clk 0:16:13]} 37. Bd6 {[%clk 0:18:47]} a5
{[%clk 0:14:36]} 38. Nd5 {[%clk 0:18:59]} Rd4 {[%clk 0:14:26]} 39. Nc7
{[%clk 0:18:08]} Bd7 {[%clk 0:14:09]} 40. Rb1 {[%clk 0:18:34]} b4
{[%clk 0:03:17]} 41. axb4 {[%clk 0:18:45]} Rxb4 {[%clk 0:03:24]} 42. Ra1
{[%clk 0:14:58]} Bc6 {[%clk 0:28:31]} 43. Na6 {[%clk 0:40:46]} Rb3
{[%clk 0:28:21]} 44. f4 {[%clk 0:39:05]} Rb2 {[%clk 0:28:17]} 45. Ra3
{[%clk 0:38:28]} g4 {[%clk 0:24:07]} 46. Nb8 {[%clk 0:36:56]} Bf3
{[%clk 0:23:33]} 47. Bc7 {[%clk 0:37:19]} Rg2+ {[%clk 0:23:19]} 48. Kf1
{[%clk 0:37:46]} Rxh2 {[%clk 0:23:38]} 49. c6 {[%clk 0:37:31]} Re2 0-1

[Event "17th International Chess Festival"]
[Site "Rochefort"]
[Date "2018.02.17"]
[Round "7.1"]
[White "Solodovnichenko, Yuri"]
[Black "Dimitrov, Radoslav"]
[Result "1-0"]
[BlackElo "2478"]
[WhiteElo "2528"]
[LiveChessVersion "1.4.8"]

1. e4 {[%clk 1:30:57]} Nf6 {[%clk 1:30:54]} 2. e5 {[%clk 1:31:21]} Nd5
{[%clk 1:31:20]} 3. d4 {[%clk 1:31:46]} d6 {[%clk 1:31:45]} 4. Nf3
{[%clk 1:32:12]} g6 {[%clk 1:32:08]} 5. Bc4 {[%clk 1:29:44]} Nb6 {[%clk 1:32:31]}
6. Bb3 {[%clk 1:30:08]} Bg7 {[%clk 1:32:56]} 7. Qe2 {[%clk 1:29:58]} O-O
{[%clk 1:32:47]} 8. h3 {[%clk 1:30:07]} Nc6 {[%clk 1:24:06]} 9. O-O
{[%clk 1:30:03]} dxe5 {[%clk 1:24:04]} 10. dxe5 {[%clk 1:30:28]} Nd4
{[%clk 1:24:29]} 11. Nxd4 {[%clk 1:30:53]} Qxd4 {[%clk 1:24:54]} 12. Re1
{[%clk 1:31:13]} a5 {[%clk 1:24:31]} 13. a4 {[%clk 1:29:12]} Qc5 {[%clk 1:20:48]}
14. Nd2 {[%clk 1:26:33]} c6 {[%clk 0:55:57]} 15. Nf3 {[%clk 1:22:42]} Nd5
{[%clk 0:55:41]} 16. c4 {[%clk 1:16:08]} Qb6 {[%clk 0:54:42]} 17. Ra3
{[%clk 1:12:34]} Nb4 {[%clk 0:48:51]} 18. c5 {[%clk 1:12:48]} Qc7
{[%clk 0:48:05]} 19. e6 {[%clk 1:10:51]} f5 {[%clk 0:40:38]} 20. Ng5
{[%clk 0:48:14]} b6 {[%clk 0:39:47]} 21. Bc4 {[%clk 0:38:08]} b5 {[%clk 0:35:50]}
22. axb5 {[%clk 0:33:15]} cxb5 {[%clk 0:32:33]} 23. Bxb5 {[%clk 0:33:35]} Bb7
{[%clk 0:32:11]} 24. Qc4 {[%clk 0:31:23]} f4 {[%clk 0:23:07]} 25. Rd1
{[%clk 0:26:39]} Bd5 {[%clk 0:15:23]} 26. Rxd5 {[%clk 0:25:27]} Nxd5
{[%clk 0:15:50]} 27. Qxd5 {[%clk 0:19:58]} Rad8 {[%clk 0:16:12]} 28. Qc4
{[%clk 0:09:31]} Rd1+ {[%clk 0:13:25]} 29. Kh2 {[%clk 0:10:00]} f3+
{[%clk 0:10:03]} 30. g3 {[%clk 0:10:27]} Bd4 {[%clk 0:10:10]} 31. Rxf3
{[%clk 0:09:48]} Rxf3 {[%clk 0:08:23]} 32. Nxf3 {[%clk 0:10:16]} Bxf2
{[%clk 0:08:43]} 33. Bf4 {[%clk 0:08:53]} Qxc5 {[%clk 0:08:53]} 34. Qxc5
{[%clk 0:08:06]} Bxc5 {[%clk 0:09:21]} 35. Be5 {[%clk 0:06:42]} Bd6
{[%clk 0:08:15]} 36. Bd4 {[%clk 0:06:35]} Kf8 {[%clk 0:06:16]} 37. Kg2
{[%clk 0:06:59]} Rc1 {[%clk 0:06:25]} 38. Ng5 {[%clk 0:06:13]} Bc5
{[%clk 0:06:18]} 39. Bc3 {[%clk 0:04:12]} h6 {[%clk 0:04:40]} 40. Ne4
{[%clk 0:04:08]} Bb4 {[%clk 0:04:38]} 41. Bxb4 {[%clk 0:03:35]} axb4
{[%clk 0:05:05]} 42. b3 {[%clk 0:03:47]} Kg7 {[%clk 0:03:58]} 43. Bc4
{[%clk 0:02:44]} g5 {[%clk 0:27:49]} 44. g4 {[%clk 0:31:22]} Kg6 {[%clk 0:27:28]}
45. Nc5 {[%clk 0:30:41]} Rc2+ {[%clk 0:25:03]} 46. Kg3 {[%clk 0:29:43]} Rc3+
{[%clk 0:25:23]} 47. Nd3 {[%clk 0:29:28]} h5 {[%clk 0:23:50]} 48. h4
{[%clk 0:28:46]} hxg4 {[%clk 0:16:24]} 49. Kxg4 {[%clk 0:26:58]} gxh4
{[%clk 0:16:47]} 50. Kxh4 {[%clk 0:27:24]} Kf5 {[%clk 0:16:41]} 51. Nxb4
{[%clk 0:27:45]} Ke5 {[%clk 0:14:40]} 52. Kg4 {[%clk 0:27:39]} Kd6
{[%clk 0:14:47]} 53. Nd3 {[%clk 0:27:55]} Rc2 {[%clk 0:15:09]} 54. Kf4
{[%clk 0:28:18]} Re2 {[%clk 0:15:14]} 55. Kf3 {[%clk 0:28:25]} Rh2
{[%clk 0:15:35]} 56. Ke3 {[%clk 0:28:48]} Rh4 {[%clk 0:15:52]} 57. Kd2
{[%clk 0:29:12]} Rh2+ {[%clk 0:16:06]} 58. Kc3 {[%clk 0:29:38]} Rh3
{[%clk 0:16:24]} 59. Kb4 {[%clk 0:29:57]} Rh8 {[%clk 0:16:38]} 60. Kc3
{[%clk 0:28:00]} Rh3 {[%clk 0:16:58]} 61. b4 {[%clk 0:28:13]} Kc6
{[%clk 0:17:00]} 62. b5+ {[%clk 0:28:03]} Kd6 {[%clk 0:17:06]} 63. Kb4
{[%clk 0:28:27]} Rh1 {[%clk 0:17:25]} 64. Nc5 {[%clk 0:27:45]} Kc7
{[%clk 0:16:21]} 65. Ne4 {[%clk 0:27:58]} Re1 {[%clk 0:15:58]} 66. Nc3
{[%clk 0:28:04]} Kd6 {[%clk 0:16:15]} 67. Bd5 {[%clk 0:28:03]} Re3
{[%clk 0:13:34]} 68. b6 {[%clk 0:28:09]} Rh3 {[%clk 0:13:51]} 69. Kc4
{[%clk 0:28:17]} Rh8 {[%clk 0:14:03]} 70. Kd4 {[%clk 0:28:10]} Kxd5+ 71. Ke4+ 1-0

[Event "17th International Chess Festival"]
[Site "Rochefort"]
[Date "2018.02.17"]
[Round "7.2"]
[White "Sumets, Andrey"]
[Black "Gabrielian, Artur"]
[Result "1-0"]
[BlackElo "2502"]
[WhiteElo "2569"]
[LiveChessVersion "1.4.8"]

1. d4 {[%clk 1:20:01]} Nf6 {[%clk 1:30:28]} 2. c4 {[%clk 1:20:26]} g6
{[%clk 1:28:37]} 3. Nc3 {[%clk 1:20:48]} d5 {[%clk 1:28:37]} 4. cxd5
{[%clk 1:21:07]} Nxd5 {[%clk 1:29:02]} 5. Bd2 {[%clk 1:21:34]} Bg7
{[%clk 1:27:32]} 6. e4 {[%clk 1:21:56]} Nxc3 {[%clk 1:27:40]} 7. Bxc3
{[%clk 1:22:19]} O-O {[%clk 1:26:38]} 8. Qd2 {[%clk 1:22:17]} c5 {[%clk 1:22:27]}
9. d5 {[%clk 1:22:34]} Qd6 {[%clk 1:20:28]} 10. Bc4 {[%clk 1:10:28]} e6
{[%clk 1:15:14]} 11. Ne2 {[%clk 1:02:24]} exd5 {[%clk 1:11:24]} 12. Bxd5
{[%clk 1:02:30]} Bxc3 {[%clk 1:10:38]} 13. Nxc3 {[%clk 1:02:36]} Qa6
{[%clk 1:09:05]} 14. h4 {[%clk 0:56:09]} h5 {[%clk 1:04:54]} 15. Qh6
{[%clk 0:48:24]} Be6 {[%clk 0:49:21]} 16. O-O-O {[%clk 0:27:11]} Nd7
{[%clk 0:48:36]} 17. f4 {[%clk 0:27:10]} Bxd5 {[%clk 0:37:42]} 18. Nxd5
{[%clk 0:26:01]} Qc4+ {[%clk 0:35:35]} 19. Kb1 {[%clk 0:26:25]} Qxe4+
{[%clk 0:35:46]} 20. Ka1 {[%clk 0:26:51]} Rae8 {[%clk 0:32:10]} 21. g4
{[%clk 0:24:48]} Re6 {[%clk 0:28:05]} 22. gxh5 {[%clk 0:22:39]} Nf6
{[%clk 0:22:14]} 23. Nxf6+ {[%clk 0:15:51]} Rxf6 {[%clk 0:22:40]} 24. hxg6
{[%clk 0:16:03]} Rxg6 {[%clk 0:16:24]} 25. Rhg1 {[%clk 0:16:27]} Re8
{[%clk 0:15:56]} 26. h5 {[%clk 0:12:41]} Rg2 {[%clk 0:16:20]} 27. a3
{[%clk 0:12:01]} Qe2 {[%clk 0:13:54]} 28. Qf6 {[%clk 0:12:11]} Qg4
{[%clk 0:13:49]} 29. Rxg2 {[%clk 0:12:07]} Qxg2 {[%clk 0:14:19]} 30. h6
{[%clk 0:11:57]} Rf8 {[%clk 0:08:55]} 31. Qe7 {[%clk 0:12:12]} Rc8
{[%clk 0:07:50]} 32. Qe3 {[%clk 0:10:19]} Qc2 {[%clk 0:06:25]} 33. Rg1+
{[%clk 0:09:54]} Kh7 {[%clk 0:05:08]} 34. Qe5 {[%clk 0:10:09]} 1-0

[Event "17th International Chess Festival"]
[Site "Rochefort"]
[Date "2018.02.17"]
[Round "7.3"]
[White "Gascon Del Nogal, Jose Rafael"]
[Black "Ikonnikov, Vyacheslav"]
[Result "1/2-1/2"]
[BlackElo "2532"]
[WhiteElo "2477"]
[LiveChessVersion "1.4.8"]

1. e4 {[%clk 1:18:34]} e6 {[%clk 1:30:42]} 2. d4 {[%clk 1:18:55]} d5
{[%clk 1:31:00]} 3. Nc3 {[%clk 1:19:18]} Nf6 {[%clk 1:31:13]} 4. e5
{[%clk 1:19:33]} Nfd7 {[%clk 1:31:31]} 5. f4 {[%clk 1:19:56]} c5 {[%clk 1:31:25]}
6. Nf3 {[%clk 1:20:20]} Nc6 {[%clk 1:31:38]} 7. Be3 {[%clk 1:20:39]} a6
{[%clk 1:31:36]} 8. Qd2 {[%clk 1:20:52]} b5 {[%clk 1:31:42]} 9. dxc5
{[%clk 1:21:00]} Bxc5 {[%clk 1:31:43]} 10. Bd3 {[%clk 1:21:19]} Qb6
{[%clk 1:31:37]} 11. Bf2 {[%clk 1:21:42]} Bxf2+ {[%clk 1:19:44]} 12. Qxf2
{[%clk 1:22:05]} Qxf2+ {[%clk 1:19:56]} 13. Kxf2 {[%clk 1:22:27]} Ke7
{[%clk 1:20:23]} 14. Rhe1 {[%clk 1:17:38]} Nb6 {[%clk 1:20:31]} 15. Ne2
{[%clk 1:15:53]} Bd7 {[%clk 1:09:20]} 16. Ned4 {[%clk 1:16:10]} Nxd4
{[%clk 1:04:27]} 17. Nxd4 {[%clk 1:16:27]} Na4 {[%clk 1:04:34]} 18. b3
{[%clk 1:15:45]} Nc5 {[%clk 1:04:07]} 19. a3 {[%clk 1:08:06]} h5 {[%clk 0:52:39]}
20. Re3 {[%clk 1:02:20]} h4 {[%clk 0:49:47]} 21. b4 {[%clk 0:47:04]} Na4
{[%clk 0:45:57]} 22. Rh3 {[%clk 0:45:49]} Nc3 {[%clk 0:35:59]} 23. Ke3
{[%clk 0:38:16]} a5 {[%clk 0:32:36]} 24. bxa5 {[%clk 0:36:47]} Rxa5
{[%clk 0:32:47]} 25. Nb3 {[%clk 0:36:13]} Ra4 {[%clk 0:31:46]} 26. Kd2
{[%clk 0:27:35]} Rc8 {[%clk 0:24:43]} 27. Rxh4 {[%clk 0:27:40]} g5
{[%clk 0:24:06]} 28. Rg4 {[%clk 0:25:34]} gxf4 {[%clk 0:20:47]} 29. Rf1
{[%clk 0:25:31]} Ne4+ {[%clk 0:14:23]} 30. Ke1 {[%clk 0:12:55]} Nc5
{[%clk 0:13:47]} 31. Nxc5 {[%clk 0:12:19]} Rxc5 {[%clk 0:14:12]} 32. Rgxf4
{[%clk 0:11:58]} Rxf4 {[%clk 0:14:13]} 33. Rxf4 {[%clk 0:12:23]} Rc3
{[%clk 0:14:40]} 34. h4 {[%clk 0:05:34]} Rxa3 {[%clk 0:15:04]} 35. Kf2
{[%clk 0:05:54]} Ra1 {[%clk 0:12:41]} 36. g3 {[%clk 0:06:17]} Kf8
{[%clk 0:12:01]} 37. Ke3 {[%clk 0:06:09]} Be8 {[%clk 0:09:25]} 38. g4
{[%clk 0:05:31]} Rh1 {[%clk 0:04:44]} 39. g5 {[%clk 0:05:58]} Rh3+
{[%clk 0:04:53]} 40. Kf2 {[%clk 0:05:07]} Rh2+ {[%clk 0:03:36]} 41. Kg3
{[%clk 0:04:52]} Rh1 {[%clk 0:02:12]} 42. Kg2 {[%clk 0:29:49]} Re1
{[%clk 0:31:22]} 43. g6 {[%clk 0:19:37]} Kg7 {[%clk 0:28:53]} 44. gxf7
{[%clk 0:20:02]} Bxf7 {[%clk 0:29:12]} 45. Rg4+ {[%clk 0:20:19]} Kh6
{[%clk 0:28:40]} 46. Rg5 {[%clk 0:20:45]} b4 {[%clk 0:27:37]} 47. Kf2
{[%clk 0:20:51]} Rb1 {[%clk 0:24:24]} 48. Rg4 {[%clk 0:13:00]} b3
{[%clk 0:23:33]} 49. cxb3 {[%clk 0:13:22]} Rxb3 {[%clk 0:23:33]} 50. Rf4
{[%clk 0:13:06]} Rxd3 {[%clk 0:22:24]} 51. Rxf7 {[%clk 0:13:31]} Kh5
{[%clk 0:22:48]} 52. Rf6 {[%clk 0:13:34]} Kxh4 {[%clk 0:22:53]} 53. Rxe6
{[%clk 0:13:58]} Kg5 {[%clk 0:23:13]} 54. Ke2 {[%clk 0:14:06]} Rd4
{[%clk 0:23:21]} 55. Rd6 {[%clk 0:14:02]} Re4+ {[%clk 0:22:58]} 56. Kd3
{[%clk 0:14:27]} Rxe5 {[%clk 0:23:19]} 57. Kd4 {[%clk 0:14:55]} Kf5
{[%clk 0:23:40]} 58. Rxd5 {[%clk 0:15:21]} Rxd5+ {[%clk 0:24:05]} 59. Kxd5
1/2-1/2

[Event "17th International Chess Festival"]
[Site "Rochefort"]
[Date "2018.02.17"]
[Round "7.4"]
[White "Ider, Borya"]
[Black "Castellanos Rodrigue, Renier"]
[Result "1/2-1/2"]
[BlackElo "2501"]
[WhiteElo "2514"]
[LiveChessVersion "1.4.8"]

1. Nh3 {[%clk 1:30:52]} d5 {[%clk 1:28:24]} 2. g3 {[%clk 1:31:13]} g6
{[%clk 1:27:50]} 3. Bg2 {[%clk 1:31:18]} Bg7 {[%clk 1:28:11]} 4. d4
{[%clk 1:31:34]} Nf6 {[%clk 1:28:04]} 5. Nf4 {[%clk 1:31:39]} O-O
{[%clk 1:27:13]} 6. O-O {[%clk 1:31:58]} c6 {[%clk 1:26:51]} 7. Nd2
{[%clk 1:25:18]} Qb6 {[%clk 1:18:55]} 8. Nf3 {[%clk 1:20:48]} Bf5
{[%clk 1:17:56]} 9. Nd3 {[%clk 1:20:23]} Nbd7 {[%clk 1:15:06]} 10. c3
{[%clk 1:20:34]} Rfe8 {[%clk 1:13:57]} 11. Bf4 {[%clk 1:16:30]} Be4
{[%clk 1:10:04]} 12. Qd2 {[%clk 1:16:05]} Nh5 {[%clk 1:06:09]} 13. Be3
{[%clk 1:16:19]} Qc7 {[%clk 1:05:18]} 14. Rfe1 {[%clk 1:15:28]} a5
{[%clk 1:00:08]} 15. Bh3 {[%clk 1:11:58]} e6 {[%clk 0:51:28]} 16. Nfe5
{[%clk 1:02:40]} Bxd3 {[%clk 0:47:51]} 17. Nxd3 {[%clk 1:00:14]} f5
{[%clk 0:45:20]} 18. Bh6 {[%clk 0:57:00]} e5 {[%clk 0:40:47]} 19. Bxg7
{[%clk 0:51:35]} Nxg7 {[%clk 0:40:44]} 20. dxe5 {[%clk 0:48:23]} Nxe5
{[%clk 0:41:07]} 21. Rac1 {[%clk 0:48:47]} Rad8 {[%clk 0:36:39]} 22. Bg2
{[%clk 0:48:14]} Ne6 {[%clk 0:34:21]} 23. e3 {[%clk 0:48:04]} Nxd3
{[%clk 0:32:53]} 24. Qxd3 {[%clk 0:48:30]} Nc5 {[%clk 0:32:54]} 25. Qc2
{[%clk 0:48:55]} b5 {[%clk 0:30:14]} 26. Red1 {[%clk 0:48:57]} Kg7
{[%clk 0:28:18]} 27. b3 {[%clk 0:48:52]} Ne4 {[%clk 0:24:48]} 28. Rd3
{[%clk 0:41:21]} Rd7 {[%clk 0:18:20]} 29. c4 {[%clk 0:26:03]} dxc4
{[%clk 0:17:06]} 30. Rxd7+ {[%clk 0:25:41]} Qxd7 {[%clk 0:17:30]} 31. Bxe4
{[%clk 0:24:19]} Rxe4 {[%clk 0:13:03]} 32. Rd1 {[%clk 0:23:39]} Qc7
{[%clk 0:12:17]} 33. Qc3+ {[%clk 0:23:56]} Kh6 {[%clk 0:12:02]} 34. Qf6
{[%clk 0:19:42]} cxb3 {[%clk 0:08:44]} 35. axb3 {[%clk 0:20:07]} a4
{[%clk 0:08:01]} 36. bxa4 {[%clk 0:20:06]} bxa4 {[%clk 0:08:11]} 37. Kg2
{[%clk 0:09:54]} Qe7 {[%clk 0:07:43]} 38. Qxc6 {[%clk 0:10:16]} Rb4
{[%clk 0:07:50]} 39. Rd7 {[%clk 0:10:01]} Qe4+ {[%clk 0:04:52]} 40. Qxe4
{[%clk 0:10:27]} Rxe4 {[%clk 0:04:13]} 41. h4 {[%clk 0:08:16]} Rb4
{[%clk 0:03:58]} 42. Ra7 {[%clk 0:08:33]} Rc4 {[%clk 0:03:58]} 43. f4
{[%clk 0:30:04]} Rc3 {[%clk 0:25:59]} 44. Rxa4 {[%clk 0:17:42]} 1/2-1/2

[Event "17th International Chess Festival"]
[Site "Rochefort"]
[Date "2018.02.17"]
[Round "7.5"]
[White "Martinez Duany, Lelys Stanley"]
[Black "Enchev, Ivajlo"]
[Result "1/2-1/2"]
[BlackElo "2492"]
[WhiteElo "2509"]
[LiveChessVersion "1.4.8"]

1. e4 {[%clk 1:29:24]} e5 {[%clk 1:30:45]} 2. Nf3 {[%clk 1:29:35]} Nf6
{[%clk 1:30:48]} 3. Nxe5 {[%clk 1:29:22]} d6 {[%clk 1:31:06]} 4. Nf3
{[%clk 1:29:36]} Nxe4 {[%clk 1:31:28]} 5. d4 {[%clk 1:29:13]} d5 {[%clk 1:31:45]}
6. Bd3 {[%clk 1:29:16]} Bd6 {[%clk 1:31:35]} 7. O-O {[%clk 1:29:08]} O-O
{[%clk 1:32:01]} 8. c4 {[%clk 1:26:35]} c6 {[%clk 1:32:22]} 9. Qc2
{[%clk 1:24:55]} Na6 {[%clk 1:32:13]} 10. a3 {[%clk 1:25:18]} Bg4
{[%clk 1:32:03]} 11. Ne5 {[%clk 1:23:20]} Bxe5 {[%clk 1:32:23]} 12. dxe5
{[%clk 1:23:32]} Nac5 {[%clk 1:32:47]} 13. cxd5 {[%clk 1:22:19]} cxd5
{[%clk 1:11:54]} 14. f3 {[%clk 1:19:08]} Rc8 {[%clk 1:06:32]} 15. Be3
{[%clk 1:11:09]} d4 {[%clk 1:00:23]} 16. Bxe4 {[%clk 1:09:00]} dxe3
{[%clk 0:57:49]} 17. fxg4 {[%clk 0:59:12]} Nxe4 {[%clk 0:50:53]} 18. Qxe4
{[%clk 0:57:37]} Qb6 {[%clk 0:50:46]} 19. Nc3 {[%clk 0:56:46]} e2+
{[%clk 0:47:45]} 20. Rf2 {[%clk 0:57:04]} Qxb2 {[%clk 0:47:56]} 21. Re1
{[%clk 0:57:05]} Qxc3 {[%clk 0:38:18]} 22. Rfxe2 {[%clk 0:57:18]} Qxa3
{[%clk 0:29:12]} 23. Qxb7 {[%clk 0:57:27]} Qc5+ {[%clk 0:29:03]} 24. Kh1
{[%clk 0:57:14]} Rfe8 {[%clk 0:27:23]} 25. h3 {[%clk 0:57:24]} Rc7
{[%clk 0:26:44]} 26. Qb3 {[%clk 0:57:43]} Rce7 {[%clk 0:26:15]} 27. Rf1
{[%clk 0:54:45]} h6 {[%clk 0:17:28]} 28. Ref2 {[%clk 0:54:31]} Rf8
{[%clk 0:16:22]} 29. e6 {[%clk 0:54:35]} Rxe6 {[%clk 0:13:36]} 30. Rxf7
{[%clk 0:54:39]} Rxf7 {[%clk 0:13:42]} 31. Qxe6 {[%clk 0:55:01]} Qe7
{[%clk 0:13:08]} 32. Qd5 {[%clk 0:48:03]} g6 {[%clk 0:12:03]} 1/2-1/2

[Event "17th International Chess Festival"]
[Site "Rochefort"]
[Date "2018.02.17"]
[Round "8.1"]
[White "Solodovnichenko, Yuri"]
[Black "Sumets, Andrey"]
[Result "1/2-1/2"]
[BlackElo "2569"]
[WhiteElo "2528"]
[LiveChessVersion "1.4.8"]

1. e4 {[%clk 1:30:58]} e6 {[%clk 1:22:42]} 2. d4 {[%clk 1:31:21]} d5
{[%clk 1:23:10]} 3. Nc3 {[%clk 1:31:46]} Nf6 {[%clk 1:23:37]} 4. e5
{[%clk 1:32:11]} Nfd7 {[%clk 1:23:57]} 5. Nce2 {[%clk 1:32:35]} c5
{[%clk 1:24:01]} 6. c3 {[%clk 1:33:01]} cxd4 {[%clk 1:24:13]} 7. cxd4
{[%clk 1:33:25]} f6 {[%clk 1:24:41]} 8. exf6 {[%clk 1:33:45]} Nxf6
{[%clk 1:25:05]} 9. Nf3 {[%clk 1:34:04]} Nc6 {[%clk 1:24:52]} 10. Nc3
{[%clk 1:34:28]} Bd6 {[%clk 1:25:06]} 11. Bb5 {[%clk 1:34:52]} O-O
{[%clk 1:24:47]} 12. O-O {[%clk 1:35:18]} Bd7 {[%clk 1:20:50]} 13. Re1
{[%clk 1:35:16]} Qc7 {[%clk 1:05:15]} 14. h3 {[%clk 1:33:35]} Rae8
{[%clk 1:04:52]} 15. Be3 {[%clk 1:29:41]} a6 {[%clk 1:03:05]} 16. Bf1
{[%clk 1:25:02]} Re7 {[%clk 1:01:04]} 17. Rc1 {[%clk 1:24:33]} Qb8
{[%clk 0:54:52]} 18. a3 {[%clk 1:18:25]} Be8 {[%clk 0:54:47]} 19. b4
{[%clk 1:16:38]} Bh5 {[%clk 0:49:24]} 20. Be2 {[%clk 1:15:05]} Bf4
{[%clk 0:22:01]} 21. Qd2 {[%clk 0:52:55]} Bxe3 {[%clk 0:19:53]} 22. Qxe3
{[%clk 0:53:22]} e5 {[%clk 0:18:39]} 23. Nxe5 {[%clk 0:48:28]} Nxe5
{[%clk 0:19:05]} 24. dxe5 {[%clk 0:39:54]} Rxe5 {[%clk 0:19:12]} 25. Qd2
{[%clk 0:40:10]} Bxe2 {[%clk 0:19:31]} 26. Rxe2 {[%clk 0:39:36]} Rxe2
{[%clk 0:19:21]} 27. Nxe2 {[%clk 0:36:27]} Rc8 {[%clk 0:18:48]} 28. Rd1
{[%clk 0:36:09]} Qe5 {[%clk 0:14:47]} 29. Nf4 {[%clk 0:35:46]} Kf7
{[%clk 0:14:32]} 30. Nd3 {[%clk 0:32:59]} Qc3 {[%clk 0:13:55]} 31. Nc5
{[%clk 0:24:50]} Qxd2 {[%clk 0:14:18]} 32. Rxd2 {[%clk 0:25:16]} Rc7
{[%clk 0:14:26]} 33. g4 {[%clk 0:19:09]} h6 {[%clk 0:10:08]} 34. f4
{[%clk 0:18:58]} a5 {[%clk 0:07:40]} 35. g5 {[%clk 0:14:20]} hxg5
{[%clk 0:07:47]} 36. fxg5 {[%clk 0:14:48]} axb4 {[%clk 0:08:11]} 37. axb4
{[%clk 0:14:58]} Ne4 {[%clk 0:08:37]} 38. Rxd5 {[%clk 0:14:39]} Nxc5
{[%clk 0:09:00]} 39. bxc5 {[%clk 0:14:17]} Ke6 {[%clk 0:09:26]} 40. Rd6+
{[%clk 0:14:32]} Kf5 {[%clk 0:09:50]} 41. g6 {[%clk 0:12:39]} Ke5 1/2-1/2